Nubica et Æthiopica : internationales Jahrbuch für Koptische, meroitisch-nubische, äthiopische und verwandte Studien

محفوظ في:

المؤلف الرئيسي: Peter Nagel

التنسيق: كتاب

اللغة: Undetermined

منشور في: Warszawa Zas Pan 1994

الموضوعات:

الوسوم: إضافة وسم

لا توجد وسوم, كن أول من يضع وسما على هذه التسجيلة!

رقم الطلب:

LEADER 00599nam a2200169Ia 4500
008 240503s9999||||xx |||||||||||||| ||und||
100 1 |a Peter Nagel, 
245 1 0 |a Nubica et Æthiopica : internationales Jahrbuch für Koptische, meroitisch-nubische, äthiopische und verwandte Studien  
264 1 |a Warszawa  |b  Zas Pan  |c 1994 
300 |a 415  |c 24 
500 |a Demande de numérotation ISSN en cours (identifiant Cidemis : 115687)  
650 4 |a Antiquités Éthiopie Antiquité  
650 4 |a Antiquités Nubie Antiquité  
650 4 |a Nubie  
650 4 |a Périodiques  
942 |2 lcc  |c BK 
999 |c 58299  |d 58299